| 000 | 00498cam a22001697a 4500 | ||
|---|---|---|---|
| 008 | 180718b1993 xxu||||| |||| 00| 0 eng d | ||
| 020 | _a0863112552 | ||
| 082 | _aBA27x54 C37 | ||
| 100 | _aChar, S.V. Desika | ||
| 245 |
_aCaste, religion and country: a view of ancient and medieval India _cby S.V. Desika Char |
||
| 260 |
_aHyderabad _bOrient Longman _c1993 |
||
| 300 | _a258p. | ||
| 650 | _aIndia --Religion. | ||
| 650 | _aMuslims --India | ||
| 650 | _aHindus --India | ||
| 650 | _aCaste --India | ||
| 999 |
_c359885 _d359885 |
||